[Event "FISU World University"]
[Site "Entebbe"]
[Date "2024.06.30"]
[Round "9"]
[White "Almuntasir, Mohamed Khalifah"]
[Black "Musasizi, Emmanuel"]
[Result "1/2-1/2"]
[WhiteElo "1724"]
[BlackElo "1966"]
[PlyCount "80"]
[EventDate "2024.06.25"]
[EventType "swiss"]
[EventRounds "9"]
[EventCountry "UGA"]
[SourceTitle "CBM 220 Extra"]
[Source "ChessBase"]
[SourceDate "2024.07.31"]
[SourceVersion "1"]
[SourceVersionDate "2024.07.31"]
[SourceQuality "1"]

1. e4 c5 2. Nf3 e6 3. Nc3 a6 4. g3 d5 5. exd5 exd5 6. d4 Nc6 7. Bg2 Nf6 8. 0-0 c4 9. Bg5 Be7 10. Ne5 Be6 11. f4 g6 12. Re1 Nxe5 13. Rxe5 0-0 14. h3 Kg7 15. Qd2 h5 16. f5 Bxf5 17. Bh6+ Kh7 18. Bxf8 Bxf8 19. Rxf5 gxf5 20. Qg5 Bg7 21. Qxf5+ Kg8 22. Nxd5 Nxd5 23. Bxd5 Bxd4+ 24. Kh1 Qf6 25. Qxf6 Bxf6 26. Bxc4 b5 27. Bd5 Rd8 28. Rd1 Kg7 29. c3 b4 30. cxb4 Bxb2 31. Bb3 Rxd1+ 32. Bxd1 Ba3 33. Be2 Bxb4 34. Bxa6 Be1 35. Kg2 Kf6 36. Bc4 h4 37. g4 Ke7 38. Kf3 f6 39. Kf4 Kd6 40. Ke4 Kc5 1/2-1/2

[Event "FISU World University"]
[Site "Entebbe"]
[Date "2024.06.27"]
[Round "5"]
[White "Nyola, Wasswa Mark"]
[Black "Almuntasir, Mohamed Khalifah"]
[Result "1-0"]
[WhiteElo "2067"]
[BlackElo "1724"]
[PlyCount "57"]
[EventDate "2024.06.25"]
[EventType "swiss"]
[EventRounds "9"]
[EventCountry "UGA"]
[SourceTitle "CBM 220 Extra"]
[Source "ChessBase"]
[SourceDate "2024.07.31"]
[SourceVersion "1"]
[SourceVersionDate "2024.07.31"]
[SourceQuality "1"]

1. e4 e6 2. d3 d5 3. Nd2 dxe4 4. dxe4 e5 5. Ngf3 Nc6 6. Bb5 Bc5 7. 0-0 Qe7 8. Nc4 Bd6 9. Na5 Bd7 10. Nxb7 Nf6 11. Nxd6+ cxd6 12. Re1 0-0 13. c3 Rab8 14. a4 Rfc8 15. b3 Na5 16. Ba3 Rb6 17. Bb4 Nb7 18. Bxd7 Qxd7 19. a5 Rb5 20. Qe2 Nc5 21. Nd2 Na6 22. Bxd6 Rxc3 23. Nc4 Rcxb3 24. Bxe5 Qe6 25. Bxf6 Qxf6 26. e5 Qc6 27. Nd6 Rb2 28. Qg4 Rc5 29. Nf5 1-0